000 00492nam a2200193 4500
001 18155
005 20230404125844.0
008 060907n1999 dr spa
020 _a0964343452
035 _9funglode18300
041 _aEN
050 1 4 _a002 F 319 K28j 1999
100 _aKeith, June
245 1 _aJune Keith's Key west y the Florida keys /
_cJune Keith
250 _a2
260 _aFlorida :
_bPalm Island Press,
_c1999
300 _axii, 546 p.
942 _2lcc
_cbk
999 _c6043
_d6043